000 00228nam a2200085Ia 4500
008 220204s9999 xx 000 0 und d
082 _a06.055.5:633.73
_bCOF
245 0 _aCoffee Board, Annual Report, 1956-1958, 1970-71
942 _cBK
999 _c21775
_d21775